Anything for Love : A Dash of Love / (Record no. 297837)
[ view plain ]
| 000 -LEADER | |
|---|---|
| fixed length control field | 02146ngm a22003978i 4500 |
| 005 - DATE AND TIME OF LATEST TRANSACTION | |
| control field | 20231115071645.0 |
| 007 - PHYSICAL DESCRIPTION FIXED FIELD--GENERAL INFORMATION | |
| fixed length control field | vd cvaizk |
| 008 - FIXED-LENGTH DATA ELEMENTS--GENERAL INFORMATION | |
| fixed length control field | 161212s2017 085 g ## vleng d |
| 020 ## - INTERNATIONAL STANDARD BOOK NUMBER | |
| Terms of availability | 767685165164 |
| 024 1# - OTHER STANDARD IDENTIFIER | |
| Standard number or code | 767685165164 |
| 040 ## - CATALOGING SOURCE | |
| Original cataloging agency | MMLLC |
| Language of cataloging | eng |
| Description conventions | rda |
| Transcribing agency | MMLLC |
| 082 04 - DEWEY DECIMAL CLASSIFICATION NUMBER | |
| Classification number | DVD Anything |
| 092 ## - LOCALLY ASSIGNED DEWEY CALL NUMBER (OCLC) | |
| Classification number | DVD Anything |
| 245 00 - TITLE STATEMENT | |
| Title | Anything for Love : A Dash of Love / |
| Medium | [DVD] |
| 260 ## - PUBLICATION, DISTRIBUTION, ETC. (IMPRINT) | |
| Name of publisher, distributor, etc | Hallmark Channel, |
| Date of publication, distribution, etc | 2017. |
| 264 #2 - Production, Publication, Distribution, Manufacture, and Copyright Notice. | |
| Place of production, publication, distribution, manufacture | Old Saybrook, Connecticut : |
| Name of producer, publisher, distributor, manufacturer | www.micromarketing.org |
| 264 #1 - Production, Publication, Distribution, Manufacture, and Copyright Notice. | |
| Place of production, publication, distribution, manufacture | [Los Angeles, California] : |
| Name of producer, publisher, distributor, manufacturer | [Cinedigm], |
| Date of production, publication, distribution, manufacture, or copyr | [2017] |
| 300 ## - PHYSICAL DESCRIPTION | |
| Extent | [1 videodisc (approximately 85 minutes)?] : |
| Other physical details | sound, color; |
| Dimensions | 4 3/4 in. |
| 336 ## - Content Type | |
| Content type term | two-dimensional moving image |
| 337 ## - Media type | |
| Media type term | video |
| 338 ## - Carrier type | |
| Carrier type term | videodisc |
| 500 ## - GENERAL NOTE | |
| General note | Widescreen edition. |
| 511 0# - PARTICIPANT OR PERFORMER NOTE | |
| Participant or performer note | Erika Christensen. |
| 520 ## - SUMMARY, ETC. | |
| Summary, etc | Anything for Love - "Katherine, a high-powered executive who believes men are intimidated by her career, is persuaded by her friend to create an internet dating profile claiming she is an executive assistant. Meanwhile, Jack, a male nurse, creates his own internet dating profile without realizing his best friend has secretly changed his profession to be a doctor. They are matched and find themselves falling in love, but hiding their true identities proves far trickier than expected when Katherine s ornery and controlling father ends up in the hospital under Jack's care. A Dash of Love - When an aspiring chef lands an assistant job at her idol's restaurant, she's convinced her big break is just around the corner. After a rocky start, she befriends the handsome executive chef and they begin bonding in the kitchen. |
| 521 8# - TARGET AUDIENCE NOTE | |
| Target audience note | NR (not rated). |
| 538 ## - SYSTEM DETAILS NOTE | |
| System details note | DVD, color, widescreen, NTSC. |
| 546 ## - LANGUAGE NOTE | |
| Language note | English audio. |
| 650 #0 - SUBJECT ADDED ENTRY--TOPICAL TERM | |
| Topical term or geographic name as entry element | Internet dating |
| Form subdivision | Drama. |
| 9 (RLIN) | 6476943 |
| 650 #0 - SUBJECT ADDED ENTRY--TOPICAL TERM | |
| Topical term or geographic name as entry element | Man-woman relationships |
| Form subdivision | Drama. |
| 9 (RLIN) | 5673977 |
| 655 #7 - INDEX TERM--GENRE/FORM | |
| Genre/form data or focus term | Feature films. |
| Source of term | lcgft |
| 9 (RLIN) | 5934775 |
| 700 1# - ADDED ENTRY--PERSONAL NAME | |
| Personal name | Christensen, Erika. |
| 9 (RLIN) | 5934776 |
| 710 2# - ADDED ENTRY--CORPORATE NAME | |
| Corporate name or jurisdiction name as entry element | Cinedigm (Firm) |
| 9 (RLIN) | 5724938 |
| 942 ## - ADDED ENTRY ELEMENTS (KOHA) | |
| Koha item type | DVD |
| Source of classification or shelving scheme | Dewey Decimal Classification |
| 948 ## - LOCAL PROCESSING INFORMATION (OCLC); SERIES PART DESIGNATOR (RLIN) | |
| Series part designator, SPT (RLIN) | 03/08/2017 |
| z (OCLC) | Sirsi |
| 949 ## - LOCAL PROCESSING INFORMATION (OCLC) | |
| n | www.MicroMarketing.org 800-229-9887 |
| Withdrawn status | Lost status | Source of classification or shelving scheme | Damaged status | Not for loan | Collection code | Home library | Current library | Shelving location | Date acquired | Source of acquisition | Total Checkouts | Total Renewals | Full call number | Barcode | Date last seen | Date checked out | Cost, replacement price | Price effective from | Koha item type |
|---|---|---|---|---|---|---|---|---|---|---|---|---|---|---|---|---|---|---|---|
| Dewey Decimal Classification | Movies | Wasatch County Library | Wasatch County Library | Audio Visual Area | 11/16/2023 | Donation | 1 | 2 | DVD Anything for love | 34301002021006 | 11/11/2025 | 09/29/2025 | 14.99 | 11/16/2023 | DVD |
